Normal view
MARC view
- تاليف بدر، مصطفى طه
Entry Personal Name
001 - CONTROL NUMBER
- control field: 16739
003 - CONTROL NUMBER IDENTIFIER
- control field: JO-AjAnu
005 - DATE AND TIME OF LATEST TRANSACTION
- control field: 20230606072953.0
008 - FIXED-LENGTH DATA ELEMENTS
- fixed length control field: 230606|| aca||aabn | a|a d
040 ## - CATALOGING SOURCE
- Original cataloging agency: JO-AjAnu
- Transcribing agency: JO-AjAnu
100 ## - HEADING--PERSONAL NAME
- Personal name: تاليف بدر، مصطفى طه
670 ## - SOURCE DATA FOUND
- Source citation: Work cat.: (JO-AjAnu)8596: تاليف بدر، مصطفى طه , author, محنة الإسلام الكبرى او زوال الخلافة العباسية من بغداد على أيدى المغول